000 00827nam a2200205 i 4500
001 167623
003 ES-MaACL
005 20250905165511.0
008 050928s1840 fr |||| | fre d
040 _aCAM
_bspa
_cCAM
100 1 _aVillemain, Abel-François,
_d1791-1870
_9133764
245 1 0 _aCours de littérature française /
_cpar M. Villemain.
250 _aNouvelle éd. augm. d'un essai sur la vie et les écrits de l'auteur, par M. Saint-Beuve et d'une étude sur le cours de littérature, par Silvestre de Sacy.
260 _aBruxelles :
_bMeline, Cans et compagnie,
_c1840.
300 _a725 p. ;
_c27 cm.
650 7 _aLiteratura francesa
_2embne
_914582
700 1 _aSilvestre de Sacy, Samuel Ustazade,
_d1801-1879
_9132263
852 _aES-MaACL
_jG-11642
_z- Enc. hol.
999 _c167623
_d167623